000 00354pab a2200121 454500
008 180718b xxu||||| |||| 00| 0 eng d
100 _aChakravarthy Nikhil
245 _aRevival of dangerous trend: emasculating office of Election Commission
362 _a32(30), 11 Jun 1994, p.9-10
650 _aElections -- India
773 _aMainstream
909 _a26698
999 _c26698
_d26698